Statistics for I Answers Quiz #2

Click here to take the quiz!

General Stats

  • This quiz has been taken 32,134 times
  • The average score is 14 of 24

Answer Stats

ClueAnswer% Correct
House made of snowIgloo
98%
Also known as PersiaIran
86%
Country on the MediterraneanItaly
84%
Place to buy furniture and meatballsIKEA
82%
Place to share your filtered photosInstagram
82%
Egyptian goddess or Middle East terror groupIsis
82%
U.S. state that is tops in corn productionIowa
80%
Queen of Castille who married FerdinandIsabella
66%
Type of rock made from magmaIgneous
64%
Country on the MediterraneanIsrael
62%
Information superhighway; a series of tubesInternet
61%
First name of dictator AminIdi
59%
Frankenstein's hunchbacked minionIgor
55%
The middle of a month, to a RomanIdes
53%
Prime Minister GandhiIndira
53%
Maker of Pentium computer chipsIntel
47%
Major Pakistani riverIndus
46%
Famous Rio de Janeiro beachIpanema
41%
Mr. Crane of Sleepy HollowIchabod
39%
Tristan's loverIsolde
39%
Mr. Montoya of "The Princess Bride"Inigo
38%
Hawaii triathlonIronman
36%
Five-time Tour de France winnerIndurain
12%
First generation of immigrants from JapanIssei
7%

Score Distribution

Percentile by Number Answered

Percent of People with Each Score

Your Score History

You have not taken this quiz